Argumentaci ̤i pragmt̉ica del dret

Detalles Bibliográficos
Autor principal: Casanovas i Romeu, Pompeu
Otros Autores: Moreso i Mateos, Josep Joan
Formato: Desconocido
Lenguaje:catalán
Publicado: Barcelona : Universitat Oberta de Catalunya, 1998
Materias:
Acceso en línea:Acceso restringido

MARC

LEADER 00000ny a22000003n 4500
005 20110527095748.0
008 020109s1998 sp 001 0 cat c
017 |a D.L. B38990-1998 
020 |a 8495131080 
035 |a 1531 
040 |a UMA.DER  |d vLex 
040 |a UMA.RE  |d vLex 
080 |a 340(0.034) 
090 |c 305  |d 305 
100 1 |a Casanovas i Romeu, Pompeu 
245 1 0 |a Argumentaci ̤i pragmt̉ica del dret  |h [Recurso electrn̤ico]  |c Pompeu Casanovas i Romeu, Josep Joan Moreso i Mateos 
256 |a Servicio en ln̕ea 
260 |a Barcelona :  |b Universitat Oberta de Catalunya,  |c 1998 
300 |a 262 p. ;  |c 24 cm 
504 |a Bibliografa̕ 
506 1 |a Contenido solo disponible en los productos indicados  |d vLex Global  |d vLex Global (Academic Edition, excluding Law Schools)  |d vLex Global (U.S. Academic Edition, Law Schools)  |d vLex Global (U.S. Academic Edition, excluding Law Schools)  |d vLex Global (Academic Edition, Law Schools) 
650 0 7 |a Procesal  |2 Tesauro vLex 
650 0 7 |a Interpretacin̤ del derecho  |2 Tesauro vLex 
700 1 |a Moreso i Mateos, Josep Joan 
740 0 |a vLex Libros (Servicios en ln̕ea) 
856 4 0 |u http://vlex.com/source/1531  |z Acceso restringido 
942 |c BOOK 
999 0 |a Procedure (Law)  |b Barcelona